| 000 | 00744nam a2200217Ia 4500 | ||
|---|---|---|---|
| 001 | 1133 | ||
| 003 | GE_BSU | ||
| 008 | 181216s||||||||xx |||||||||||||| ||und|| | ||
| 020 | _a9789941412707 | ||
| 040 | _cGE_BSU | ||
| 080 | _a634.6(479.223):631.5(479.223) | ||
| 100 | _aჯაბნიძე ,რეზო. | ||
| 245 | _aსუბტროპიკულ მცენარეთა აგროტექნოლოგია. | ||
| 260 | _aბათუმი | ||
| 260 | _bშოთა რუსთაველის სახელმწიფო უნივერსიტეტი | ||
| 260 | _c2011 | ||
| 300 | _a19 სმ , 426 გვ. | ||
| 541 | _h18 ლ. | ||
| 653 | _aაგროტექნოლოგია | ||
| 942 | _cBK | ||
| 999 |
_c35283 _d35283 |
||